| 000 | 00549nam a2200241 a 4500 | ||
|---|---|---|---|
| 001 | nice12345678 | ||
| 003 | IN_TiNIC | ||
| 005 | 20260116012241.0 | ||
| 008 | 050524s1974 newa grp 000 0 eng | ||
| 020 |
_a _c58.4 |
||
| 082 | 0 | 0 |
_a248.4 _bGIB |
| 100 | _aGibbard, Mark | ||
| 245 | _aDynamic of Love | ||
| 260 |
_aNew York _bMowbray _c1974 |
||
| 300 | _a117p | ||
| 500 | _aincludes index and biblioraphy | ||
| 505 | 2 | _aNotes | |
| 650 | _aChristian-Life | ||
| 700 | 1 | _aGibbard, Mark | |
| 902 | _bSRS | ||
| 942 | _cBK | ||
| 999 |
_c6240 _d6240 |
||